| 000 | 00502cam a22002172a 4500 | ||
|---|---|---|---|
| 001 | 002610 | ||
| 003 | AR-FADEU | ||
| 008 | 311216n1983####xxu####################dd | ||
| 020 | _a84-309-0971-0 | ||
| 092 |
_a121 _bB878n |
||
| 100 | _aBrown, Harold I. | ||
| 245 | _aLa nueva filosofía de la ciencia | ||
| 260 | _aMadrid | ||
| 260 | _bTecnos | ||
| 260 | _c1983 | ||
| 300 | _a235 p | ||
| 440 | _aFilosofía y ensayo | ||
| 500 | _aIncluye bibliografía | ||
| 650 | _aFILOSOFIA | ||
| 942 | _cBDGR | ||
| 999 |
_c8442 _d8442 |
||